Zgadnij państwo #1 - Statystyki

Ogólne statystyki
  • Ten quiz został rozwiązany 18 razy
  • Średni wynik to 14 z 16
Statystyki odpowiedzi
Obrazkowy Odpowiedź % Poprawnych
Brazylia
100%
Portugalia
100%
Cypr
91%
Kosowo
91%
Maroko
91%
Meksyk
91%
Serbia
91%
Słowacja
91%
Sri Lanka
91%
Tunezja
91%
Bhutan
82%
Kolumbia
82%
Peru
82%
Surinam
82%
Ghana
73%
Togo
64%
Nie znaleziono quizów pasujących do podanych kryteriów
Rozkład punktacji
Procent ludzi z każdym wynikiem
Percentyl według liczby udzielonych odpowiedzi
Twoja historia wyników
Nie rozwiązałeś tego quizu